| 000 | 00445nam a22001457a 4500 | ||
|---|---|---|---|
| 003 | OSt | ||
| 005 | 20260324122944.0 | ||
| 008 | 211116b ||||| |||| 00| 0 eng d | ||
| 040 | _cAIMIT LIBRARY | ||
| 100 |
_aHarikumar, Karthika; N, Hemalatha. _d191815 _910488 |
||
| 245 | _aFresh on Wheel Online Grocery Shopping Application / | ||
| 260 |
_aAmitzinfy Pvt.Ltd, Mangalore. _bHemalatha N. _c2021 |
||
| 856 | _uwww.amitzinfy.com | ||
| 942 |
_2ddc _cPRO |
||
| 999 |
_c220625 _d220625 |
||